Ako zvýšiť cenu a ostať konkurencieschopný

Zvýšenie cien produktov a nástroje na riadenie tržieb. Rôzne ceny a rôzne cenové stratégie. Hodnota, ktorú si zákazník spojí s produktom. Príklady spoločností, ktoré zvýšili ceny svojich produktov o jedno percento.

Gespeichert in:
Bibliographische Detailangaben
1. Verfasser: Remeňová, Katarína, 1982-
Format: Buchkapitel
Sprache:Slowakisch
Schlagworte:
Tags: Tag hinzufügen
Keine Tags, Fügen Sie das erste Tag hinzu!

MARC

LEADER 00000naa a2200000 4500
001 0136292
005 20240502072526.9
041 0 |a slo 
044 |a SK 
245 1 0 |a Ako zvýšiť cenu a ostať konkurencieschopný  |c Katarína Remeňová 
520 |a Zvýšenie cien produktov a nástroje na riadenie tržieb. Rôzne ceny a rôzne cenové stratégie. Hodnota, ktorú si zákazník spojí s produktom. Príklady spoločností, ktoré zvýšili ceny svojich produktov o jedno percento. 
610 2 0 |a spoločnosti 
610 2 0 |a produkty 
610 2 0 |a náklady výrobné 
610 2 0 |a ceny 
610 2 0 |a tržby 
610 2 0 |a hodnota tovaru 
610 2 0 |a konkurencieschopnosť 
610 2 0 |a zisk 
610 2 0 |a zákazníci 
100 1 |a Remeňová, Katarína, 1982-